Knight of the tiger : the betrayals of Henry ... Read More
Available copies
- 2 of 2 copies available at LARL/NWRL Consortium.
- 2 of 2 copies available at Lake Agassiz Regional Library. (Show preferred library)
Current holds
0 current holds with 2 total copies.
Show Only Available Copies
| Location | Call Number / Copy Notes | Barcode | Shelving Location | Status | Due Date |
|---|---|---|---|---|---|
| Crookston Public Library | LARGE PRINT W FAR (Text) | 33500013096219 | Main | Available | - |
| Moorhead Public Library | LARGE PRINT W FAR (Text) | 33500013096201 | Main | Available | - |
Record details
- ISBN: 9781410498564
- ISBN: 1410498565
- Physical Description: 619 pages (large print) : maps ; 22 cm.
- Edition: Large print edition.
- Publisher: Waterville, Maine : Wheeler Publishing, a part of Gale, a Cengage Company, 2019.
- Copyright: ©2018
Content descriptions
| Summary, etc.: | "Knight of the Tiger is gripping historical ... Read More |
Search for related items by subject
| Genre: | Historical fiction. Western fiction. Fiction. History. |
Search for related items by series
| LDR | 02742cam a22005538i 4500 | ||
|---|---|---|---|
| 001 | 324267 | ||
| 003 | LARL_NWRL_CONSORTIUM | ||
| 005 | 20190717174523.0 | ||
| 008 | 190211t20192018meub d 000 1 eng | ||
| 010 | . | ‡a 2019005263 | |
| 040 | . | ‡aDLC ‡beng ‡erda ‡cDLC ‡dOCLCO ‡dOCLCF ‡dIUK | |
| 020 | . | ‡a9781410498564 ‡q(softcover : alk. paper) | |
| 020 | . | ‡a1410498565 ‡q(softcover : alk. paper) | |
| 035 | . | ‡a(OCoLC)1085577284 | |
| 042 | . | ‡apcc | |
| 043 | . | ‡an-mx--- ‡an-us-nm | |
| 082 | 0 | 0. | ‡a813/.6 ‡223 |
| 100 | 1 | . | ‡aFarmer, W. Michael, ‡d1944- ‡eauthor. ‡0(LARL_NWRL_CONSORTIUM)220922 |
| 245 | 1 | 0. | ‡aKnight of the tiger : ‡bthe betrayals of Henry Fountain. ‡n#3 / ‡cby W. Michael Farmer. |
| 246 | 3 | 0. | ‡aBetrayals of Henry Fountain |
| 250 | . | ‡aLarge print edition. | |
| 264 | 1. | ‡aWaterville, Maine : ‡bWheeler Publishing, a part of Gale, a Cengage Company, ‡c2019. | |
| 264 | 4. | ‡c©2018 | |
| 300 | . | ‡a619 pages (large print) : ‡bmaps ; ‡c22 cm. | |
| 336 | . | ‡atext ‡btxt ‡2rdacontent | |
| 337 | . | ‡aunmediated ‡bn ‡2rdamedia | |
| 338 | . | ‡avolume ‡bnc ‡2rdacarrier | |
| 340 | . | ‡nlarge print ‡2rda | |
| 490 | 0 | . | ‡aLegends of the desert ; ‡v3 |
| 520 | . | ‡a"Knight of the Tiger is gripping historical fiction taken from stories of those who lived the times to reveal a portrait of betrayal and justice seen through the eyes of betrayed and betrayer in the 1915/1916 civil war between Pancho Villa and Venustiano Carranza for control of Mexico. Henry Fountain, not long out of medical school, helps Pancho Villa, a good friend from his youth, only to escape execution as Villa descends into darkness raging against his betrayal by the United States and his inability to win battles with cavalry charges against machine guns and soldiers in trenches. It is a picture of a once great warrior plunging to the edge of insanity and of a young man discovering betrayal is a two-edged sword"-- ‡cProvided by publisher. | |
| 600 | 1 | 0. | ‡aVilla, Pancho, ‡d1878-1923 ‡vFiction. |
| 600 | 1 | 7. | ‡aVilla, Pancho, ‡d1878-1923. ‡2fast ‡0(LARL_NWRL_CONSORTIUM)441 |
| 651 | 0. | ‡aMexico ‡xHistory ‡y1910-1946 ‡vFiction. ‡0(LARL_NWRL_CONSORTIUM)168611 | |
| 651 | 0. | ‡aNew Mexico ‡xHistory ‡y20th century ‡vFiction. | |
| 650 | 0. | ‡aLarge type books. ‡0(LARL_NWRL_CONSORTIUM)24284 | |
| 650 | 7. | ‡aLarge type books. ‡2fast ‡0(LARL_NWRL_CONSORTIUM)24284 | |
| 651 | 7. | ‡aMexico. ‡2fast ‡0(LARL_NWRL_CONSORTIUM)4675 | |
| 651 | 7. | ‡aNew Mexico. ‡2fast ‡0(LARL_NWRL_CONSORTIUM)1741 | |
| 648 | 7. | ‡a1900-1999 ‡2fast | |
| 655 | 7. | ‡aHistorical fiction. ‡2lcgft | |
| 655 | 7. | ‡aWestern fiction. ‡2lcgft | |
| 655 | 7. | ‡aFiction. ‡2fast | |
| 655 | 7. | ‡aHistory. ‡2fast | |
| 901 | . | ‡a324267 ‡b ‡c324267 ‡tbiblio | |

Add to basket
Permalink
Disable Highlighting